| 000 | 00528nam a2200193 i 4500 | ||
|---|---|---|---|
| 090 | _c0 | ||
| 001 | 2271010 | ||
| 005 | 20201124142357.0 | ||
| 008 | 790315s1977 enka 001 0 eng | ||
| 040 |
_aDLC _cDLC _dDLC |
||
| 050 | 0 | 0 | _b. |
| 082 | 0 | 0 |
_a620.11 _222 _bMUR |
| 100 | 2 |
_aHajra Choudhury, Samir Kumar, _d1930- |
|
| 245 | 1 | 0 |
_aMaterials science and processes / _cM. K. Muralidhara |
| 260 |
_aNew Delhi: _bDhanpat Rai Publishing , _c1998 |
||
| 300 |
_a374 p. : _bill. ; _c21 cm. |
||
| 650 | 0 | _aMaterials. | |
| 942 |
_2ddc _cBB |
||
| 999 |
_c10353 _d10353 |
||